• 首页
  • 本馆介绍
  • 公告通知
  • 最新文献
  • 馆藏检索
  • 电子资源
  • 读者导购
  • 参考咨询
  • 我的图书馆
  • 登录
  • 详细信息显示
  • 放入我的书架
  • 预约/预借图书
  • 作者相关作品
  • 分类相关作品
  • 丛书相关作品
  • 出版社相关作品

书目信息

  • 表格格式
  • 工作单格式
  • 卡片格式
题名:
实用金融稽核审计技术与方法
    
 
作者: 李章 , 周秀月 , 居思奇 编著
分册:  
出版信息: 北京   中国金融出版社  1994
页数: 421页
开本: 19cm
丛书名:
单 册:
中图分类: F239.65
科图分类:
主题词: 金融审计--基本知识
电子资源:
ISBN: 978-7-5049-1345-6
000 00923nam0 2200253 450-
001 0103243779
005 20141208131507.0
010    @a978-7-5049-1345-6@dCNY14.00
100    @a20140903d1994 em y0chiy0120 ea
101 0  @achi
102    @aCN@b110000
105    @ay zn 000yy
106    @ar
200 1  @a实用金融稽核审计技术与方法@9Shi Yong Jin Rong Ji;Qi He;Hu Shen Ji Ji Shu;Zhu Yu Fang Fa @f李章,周秀月,居思奇编著@b专著
210    @a北京@c中国金融出版社@d1994
215    @a421页@d19cm
330    @a本书共4篇,第1篇介绍了稽核审计的技术与方法,第2篇介绍了稽核审计的重点内容,第3篇讲述了稽核审计的典型案例,第4篇介绍了最新的稽核审计法规摘编。
606 0  @a金融审计@x基本知识
690    @aF239.65@v5
701  0 @a李章@c(审计)@4编著@9li zhang
701  0 @a周秀月@c(女,@f1942~)@4编著@9zhou xiu yue
701  0 @a居思奇@4编著@9ju si qi
801  0 @aCN@bAZmarc@c20230902
905    @aBZT@dF239.65@e4@f2@sF239.65/4
    
    实用金融稽核审计技术与方法/李章,周秀月,居思奇编著.-北京:中国金融出版社,1994
    421页;19cm
    
    
    ISBN 978-7-5049-1345-6:CNY14.00
    本书共4篇,第1篇介绍了稽核审计的技术与方法,第2篇介绍了稽核审计的重点内容,第3篇讲述了稽核审计的典型案例,第4篇介绍了最新的稽核审计法规摘编。
●
相关链接 在五车中查询图书 在当当中查询图书 在豆瓣中查询图书


正题名:实用金融稽核审计技术与方法     索取号:F239.65/4         预约/预借

序号 登录号 条形码 馆藏地/架位号 状态 备注
1 2000102328   2000102328   旧书回溯/ [索取号:F239.65/4] 在馆    
2 2000112212   2000112212   旧书回溯/ [索取号:F239.65/4] 在馆    
山东省滨州职业学院图书馆 欢迎您!
大连网信软件有限公司© 版权所有